00776nam a2200253 i 4500001000300000100002100003245007400024260003100098300002900129504001200158630001500170650002300185655001800208020001500226040000800241041000700249080003600256920001800292942000700310008004100317999001700358856009800375952004900473bg1 aBONCLER, Dariusz 0aWindows 95 w sieci :b(wersja polska i angielska) /cDariusz Boncler. aWarszawa :b"HELP",c1996. a313 s. :brys. ;c24 cm. aIndeks.09aWindows 95 9aSieć komputerowa aPodręczniki a8385137912 cBPK0 apl a681.322.066Windows:681.324](07) a83-85137-91-2 cKS s pl f |000 0 pol  c31922d31922 uhttp://koha.tu.koszalin.pl/cgi-bin/koha/opac-detail.pl?biblionumber=31922yKatalog online BPK 00104070aBPKbBPKcwo39917p01254693yKS